C'est (pas) moi, c'est mes idées noires / (Notice n° 43410)
[ affichage normal ]
| 000 -LEADER | |
|---|---|
| fixed length control field | 02188cam a2200361 i 4500 |
| 001 - CONTROL NUMBER | |
| control field | STC90-1690415 |
| 003 - CONTROL NUMBER IDENTIFIER | |
| control field | OSt |
| 005 - DATE AND TIME OF LATEST TRANSACTION | |
| control field | 20260211121721.0 |
| 007 - PHYSICAL DESCRIPTION FIXED FIELD--GENERAL INFORMATION | |
| fixed length control field | t |
| 008 - FIXED-LENGTH DATA ELEMENTS--GENERAL INFORMATION | |
| fixed length control field | 260116s2025 fr a j b 000|0 fre c |
| 009 - PHYSICAL DESCRIPTION FIXED-FIELD FOR ARCHIVAL COLLECTION (VM) [OBSOLETE] | |
| fixed length control field | 3 |
| 020 ## - INTERNATIONAL STANDARD BOOK NUMBER | |
| International Standard Book Number | 9782095035488 : |
| Terms of availability | 21,95 $ |
| 024 3# - OTHER STANDARD IDENTIFIER | |
| Standard number or code | 9782095035488 |
| 035 ## - SYSTEM CONTROL NUMBER | |
| System control number | (BNF)486573780000004 |
| 035 ## - SYSTEM CONTROL NUMBER | |
| System control number | (BTLF)NOT17466002131118 |
| 035 ## - SYSTEM CONTROL NUMBER | |
| System control number | (CaQTBC)STC90-1690415 |
| 040 ## - CATALOGING SOURCE | |
| Original cataloging agency | CaQTBC |
| Language of cataloging | fre |
| Description conventions | rda |
| Modifying agency | SQTD |
| Transcribing agency | CDM |
| 082 ## - DEWEY DECIMAL CLASSIFICATION NUMBER | |
| Classification number | 362 |
| 099 0# - LOCAL FREE-TEXT CALL NUMBER (OCLC) | |
| Classification number | J 155.5083 M653c |
| 100 1# - MAIN ENTRY--PERSONAL NAME | |
| Personal name | Millêtre, Béatrice, |
| Dates associated with a name | 1965- |
| Relator term | auteur. |
| 9 (RLIN) | 285747ad |
| Field link and sequence number | 852923ad |
| 245 10 - TITLE STATEMENT | |
| Title | C'est (pas) moi, c'est mes idées noires / |
| Statement of responsibility, etc | écrit par Béatrice Millêtre ; illustré par Clémentine Latron. |
| 246 3# - VARYING FORM OF TITLE | |
| Title proper/short title | C'est pas moi, c'est mes idées noires |
| 246 3# - VARYING FORM OF TITLE | |
| Title proper/short title | C'est moi, c'est mes idées noires |
| 300 ## - PHYSICAL DESCRIPTION | |
| Extent | 127 pages : |
| Other physical details | illustrations en couleur ; |
| Dimensions | 21 cm |
| 500 ## - GENERAL NOTE | |
| General note | "Un livre pour les apprivoiser... et t'en libérer!"--Couverture. |
| 504 ## - BIBLIOGRAPHY, ETC. NOTE | |
| Bibliography, etc | Médiagraphie: pages 124-125. |
| 520 ## - SUMMARY, ETC. | |
| Summary, etc | "Tu te sens parfois submergé par des pensées sombres ? Ce guide illustré avec humour t'accompagne pour mieux comprendre tes émotions et retrouver ton équilibre. Dans ce livre unique, découvre des outils concrets pour faire face aux défis émotionnels de l'adolescence. À travers des illustrations pleines d'humour et de sensibilité, nous abordons ensemble les sujets qui te préoccupent : anxiété, stress scolaire, image de soi, relations avec les autres etc. Plus qu'un simple guide, ce livre devient ton allié pour traverser les moments difficiles. Avec des témoignages authentiques, des activités pratiques et des conseils bienveillants, tu trouveras ton propre chemin vers le bien-être et la confiance en toi. Une approche positive et bienveillante, un ton à hauteur d'ados : Des exemples qui peuvent toucher tous les lecteurs ; Des témoignages, des activités et des jeux pour dédramatiser le sujet ; Un traitement graphique plein d'humour et de sensibilité."-- |
| 521 ## - TARGET AUDIENCE NOTE | |
| Target audience note | 9 à 12 ans |
| Source | PC06 |
| 650 #6 - SUBJECT ADDED ENTRY--TOPICAL TERM | |
| Topical term or geographic name as entry element | Dépression |
| General subdivision | Chez l'adolescent. |
| 700 1# - ADDED ENTRY--PERSONAL NAME | |
| Personal name | Latron, Clémentine |
| Relator term | illustrateur. |
| 9 (RLIN) | 1425298a |
| Field link and sequence number | 1346645a |
| 908 ## - PUT COMMAND PARAMETER (RLIN) | |
| Put command parameter | BNF |
| 942 ## - ADDED ENTRY ELEMENTS (KOHA) | |
| Source of classification or shelving scheme | Dewey Decimal Classification |
| Koha item type | Livre |
| Withdrawn status | Lost status | Source of classification or shelving scheme | Damaged status | Not for loan | Home library | Current library | Date acquired | Total Checkouts | Full call number | Barcode | Date last seen | Price effective from | Koha item type |
|---|---|---|---|---|---|---|---|---|---|---|---|---|---|
| Dewey Decimal Classification | Main Library | Main Library | 11/02/2026 | 362 | 208820 | 11/02/2026 | 11/02/2026 | Livre |
